000 01064nam a2200277Ia 4500
003 OSt
005 20221005110421.0
006 a|||||r|||| 00| 0
007 ta
008 221004b |||||||| |||| 00| 0 hin d
020 _a9789381467855 (hbk)
_cINR 600.00
024 _a43203
037 _bIN-2307, 14/03/2019, Kitab Ghar Prakashan
_cTextual
040 _aCRL
_cCRL
_bhin
041 _2hin
_ahin
082 _aO152,6:g, Q7
100 _aश्रीवास्तव, जितेन्द्र, ले.
245 0 _aरचना का जीवद्रव्य
246 _aRachanā kā jīvadravya
260 _aनई दिल्ली
_bकिताबघर प्रकाशन भारत
_c2017
300 _a328पृ0
_ccm.
650 _a हिन्दी साहित्य
650 _aहिन्दी निबंध
942 _hO152,6:g, Q7
_cTEXL
_2cc
999 _c1018740
_d1018740